000
002460000a22000970004500
100
1
_a
Cabrera Leiva, Guillermo
245
1
0
_a
Los aductores y la biblia
300
_a
Vol. 1, Núm 4 (1989), Páginas 7
773
0
_t
Impacto Presbiteriano
942
_c
ANA
999
_c
50832
_d
50832